000 00615cam a2200205 4500500
005 20260405002255.0
041 _afre
042 _adc
100 1 0 _ade Oliveira, Victorine
_eauthor
245 0 0 _aUne postérité qui tombe à Pic
260 _c2016.
500 _a40
690 _aDignité
690 _aExistentialisme
690 _aHumanisme
690 _aPic de la Mirandole
690 _aRenaissance
786 0 _nPhilosophie magazine | 102 | 9 | 2016-09-01 | p. 44-44 | 1951-1787
856 4 1 _uhttps://shs.cairn.info/magazine-philosophie-magazine-2016-9-page-44?lang=fr&redirect-ssocas=7080
999 _c2056125
_d2056125